000
00259nam a22001097a 4500
999
_c
2888
_d
2888
008
190404e1971 ag ||||| |||| 00| 0 spa d
100
1
_a
Beguet, Adolfo
245
_a
Quimica organica
250
_a
5a ed.
260
_a
Buenos Aires
_b
Cesarini
_c
1971
500
_3
Baja